<?xml version="1.0" encoding="UTF-8"?>
<collection xmlns="http://www.loc.gov/MARC21/slim">
 <record>
  <leader>00858nam a2200205   4500</leader>
  <controlfield tag="001">1/32767</controlfield>
  <controlfield tag="008">070605s1936    enka     bi   001 0 eng  </controlfield>
  <datafield tag="035" ind1=" " ind2=" ">
   <subfield code="l">35147</subfield>
  </datafield>
  <datafield tag="082" ind1="0" ind2="0">
   <subfield code="a">382 HAB</subfield>
  </datafield>
  <datafield tag="100" ind1="1" ind2=" ">
   <subfield code="a">Haberler, Gottfried</subfield>
   <subfield code="d">1900-</subfield>
  </datafield>
  <datafield tag="245" ind1="1" ind2="4">
   <subfield code="a">The theory of international trade with its applications to commercial policy /</subfield>
   <subfield code="c">by Gottfried von Haberler ; translated from the german by Alfred Stonier and Frederic Benham.</subfield>
  </datafield>
  <datafield tag="260" ind1=" " ind2=" ">
   <subfield code="a">London :</subfield>
   <subfield code="b">W. Hodge &amp; Company, limited,</subfield>
   <subfield code="c">1936.</subfield>
  </datafield>
  <datafield tag="300" ind1=" " ind2=" ">
   <subfield code="a">xv, 408 σ.</subfield>
   <subfield code="b">πιν. ;</subfield>
   <subfield code="c">26 εκ.</subfield>
  </datafield>
  <datafield tag="504" ind1=" " ind2=" ">
   <subfield code="a">Περιέχει βιβλιογραφία και ευρετήριο.</subfield>
  </datafield>
  <datafield tag="650" ind1=" " ind2="4">
   <subfield code="a">Commerce.</subfield>
  </datafield>
  <datafield tag="650" ind1=" " ind2="4">
   <subfield code="a">Commercial policy.</subfield>
  </datafield>
  <datafield tag="650" ind1=" " ind2="4">
   <subfield code="a">Foreign exchange.</subfield>
  </datafield>
  <datafield tag="700" ind1="1" ind2=" ">
   <subfield code="a">Stonier, Alfred William,</subfield>
   <subfield code="d">1905-</subfield>
  </datafield>
  <datafield tag="700" ind1="0" ind2=" ">
   <subfield code="a">Benham Frederic Charles,</subfield>
   <subfield code="d">1900-</subfield>
  </datafield>
  <datafield tag="852" ind1=" " ind2=" ">
   <subfield code="a">INST</subfield>
   <subfield code="b">UNIPILB</subfield>
   <subfield code="c">MAIN</subfield>
   <subfield code="e">20070605</subfield>
   <subfield code="h">382 HAB</subfield>
   <subfield code="p">00153151</subfield>
   <subfield code="q">00153151</subfield>
   <subfield code="t">LOAN</subfield>
   <subfield code="y">0</subfield>
   <subfield code="4">1</subfield>
  </datafield>
 </record>
</collection>
